000 00640nas a2200193 i 4500
001 185752
003 ES-MaACL
005 20250217134919.0
008 160805d19181920sp | | ||at d
245 0 0 _aResum dels acords del Consell Permanent dels mesos de ... /
_cMancomunitat de Catalunya.
260 _aBarcelona :
_bLa Mancomunitat],
_c[1918]-1920 (
_fCasa de Caritat)
300 _a4 v. ;
_c23 cm.
310 _aIrregular
651 4 _aCataluña-
_xPolítica y gobierno-
_y1914-1925.
_9160354
710 2 _aMancomunitat de Catalunya.
_9160353
852 _aES-MaACL
_jF-7130-33
866 0 _o(1918-1919)
999 _c185752
_d185752